Disney+ Original Serien Marvel + Star Wars nach Bildern - Statistiken

Allgemein
  • Dieses Quiz wurde 1.018 mal gespielt
    938 seit der letzten Aktualisierung
  • Das Durchschnittsergebnis liegt bei 11 aus 16
Antwortstatistiken
Bildquiz Antwort % Korrekt
Loki
97%
I am Groot
89%
She-Hulk
83%
The Falcon and the Winter Soldier
78%
Obi-Wan Kenobi
76%
Das Buch von Boba Fett
75%
WandaVision
75%
Hawkeye
74%
Moon Knight
74%
Ahsoka
68%
Star Wars: The Bad Batch
65%
Ms. Marvel
58%
Star Wars: Andor
54%
Secret Invasion
51%
Die Geschichten der Jedi
31%
Marvel Studios - Legends
14%
Keine übereinstimmenden Quizze gefunden
Verteilung der Resultate
Anzahl Personen mit jedem Resultat
Perzentil nach korrekt beantworteten Fragen
Ihre Resultats-Entwicklung
Sie haben dieses Quiz seit der letzten Aktualisierung nicht gespielt